La teoría como ficción
Saved in:
| Hovedforfatter: | |
|---|---|
| Format: | Bog |
| Sprog: | spansk |
| Udgivet: |
Barcelona
Crítica
1980
|
| Fag: | |
| Tags: |
Tilføj Tag
Ingen Tags, Vær først til at tagge denne postø!
|
MARC
| LEADER | 00000nam a2200000 a 4500 | ||
|---|---|---|---|
| 001 | UCQ6532 | ||
| 003 | CL-VaPUC | ||
| 005 | 20231219164302.0 | ||
| 008 | 981016e19800000SP |||||||||||||||||spa|d | ||
| 999 | |c 276482 |d 276480 | ||
| 040 | |c Pontificia Universidad Católica de Valparaíso | ||
| 082 | 0 | 4 | |a 150.195 |b MAN |2 21 |
| 100 | |a Mannoni, Maud |e autora |9 560631 | ||
| 245 | 1 | 3 | |a La teoría como ficción |
| 260 | |a Barcelona |b Crítica |c 1980 | ||
| 300 | |a 192 p | ||
| 583 | |a last modification |c 19981016 00:00:00 |k Rodrigo Vera | ||
| 600 | 0 | |a Freud, Sigmund |e author |9 307892 | |
| 600 | 0 | 7 | |a GRODDECK, GEORG |2 CL-VaPUC |9 420436 |
| 600 | 0 | 7 | |a Lacan, Jacques-Marie Émile |d 1901-1981 |9 859813 |
| 600 | 0 | 7 | |a WINNICOTT, D. W |2 CL-VaPUC |9 420437 |
| 650 | 0 | |a Psicoanálisis |9 265702 | |
| 650 | 0 | |a Psicología clínica |9 307259 | |
| 650 | 0 | |a Psiquiatría |9 308427 | |
| 650 | 7 | |a PSICOLOGIA COMPARADA |2 CL-VaPUC |9 269754 | |
| 852 | |a BIBCUR | ||
| 942 | |c BK |2 ddc | ||
| 945 | |d 19981016 00:00:00 |a crobeson | ||
| 952 | |0 0 |1 0 |4 0 |6 150_195000000000000_MAN_1980 |7 0 |8 A |9 313739 |a BIBEDU |b BIBEDU |d 2019-11-20 |i 1482815 |o 150.195 MAN 1980 |p 1482815 |r 2019-11-20 |w 2019-11-20 |y BK |k LIT | ||